| 000 | 00634nam a2200229Ia 4500 | ||
|---|---|---|---|
| 003 | OSt | ||
| 005 | 20230623112542.0 | ||
| 008 | 210423s2015 xx 000 0 und d | ||
| 020 | _a93-5140-011-5 | ||
| 040 | _cAL | ||
| 041 | _aeng | ||
| 082 | _a547.05 KUMO | ||
| 100 |
_aKUMAR (Indrajit) _9106375 |
||
| 245 |
_aOrganometallic compounds _bUGC curriculum of M.Sc. |
||
| 260 |
_aMeerut _bPragati Prakashan _c2015 |
||
| 300 |
_aviii,208,iv _bPB |
||
| 365 |
_b170 _cINR |
||
| 650 |
_aChemistry _9106376 |
||
| 650 |
_aOrganic Chemistry _9106377 |
||
| 906 | _acompounds ; curriculum ; M.Sc. ; Organometallic ; UGC | ||
| 942 |
_2ddc _cBK |
||
| 999 |
_c167529 _d167529 |
||